000 01882nam a2200577 i 4500
001 30735
003 KOSZ 005
005 20220901125836.0
008 980702s1995 pl a f |000 0 pol
015 _aUWD 1996/12758
020 _a8370175759
035 _a991004304609705066
035 _a(PL-WaBN)b11139444-48omnis_nlop
035 _ab11139444
035 _a(OCoLC)835294997
035 _a(PL)b0000001113944
035 _a(EXLNZ-48OMNIS_NETWORK)9910458720505606
040 _aWA N
_cWA N
_dKOSZ 005/EG
041 0 _apol
_beng
046 _k1995
080 _a556.5
080 _a551.46
080 _a536
080 _a51
080 _a(043.3)
100 1 _aJędrasik, Jan
_d(1946- )
_eAutor
245 1 0 _aUwarunkowania w kształtowaniu struktur termicznych w jeziorach i morzu zamkniętym /
_cJan Jędrasik.
260 _aGdańsk :
_bWydaw. UG,
_c1995.
300 _a[2], 217 s. :
_brys., wykr. ;
_c24 cm.
336 _aTekst
_btxt
_2rdacontent
337 _aBez urządzenia pośredniczącego
_bn
_2rdamedia
338 _aWolumin
_bnc
_2rdacarrier
380 _aKsiążki
388 _a1901-2000
388 _a1989-2000
490 1 _aRozprawy i Monografie / [Uniwersytet Gdański] ;
_vnr 209
504 _aBibliogr. s. 201-213. - Summ.
650 7 _aJeziora
_2DBN
650 7 _aFizyka
_2DBN
650 7 _aMorza
_2DBN
650 7 _aHydrologia
_2DBN
650 7 _aTemperatura
_2DBN
650 7 _aModele matematyczne
_2DBN
658 _aOchrona środowiska
658 _aFizyka i astronomia
710 2 _aWydawnictwo Uniwersytetu Gdańskiego
_4pbl
830 0 _aRozprawy i Monografie - Uniwersytet Gdański
_vnr 209
856 _uhttp://koha.tu.koszalin.pl/cgi-bin/koha/opac-detail.pl?biblionumber=30735
_yKatalog online BPK
942 _2UKD
_cKS
999 _c30735
_d30735